000 00552cam a22001934a 4500
005 20250605164311.0
008 250528s ||||||||||||||||||||||||d
035 _a22507
020 _a9789607019776
040 _aGR-AtMCL
_bgre
_dGR-AtMCL
_eAACR2
245 1 _aΨΥΧΟΛΟΓΙΚΗ ΦΡΟΝΤΙΔΑ ΤΟΥ ΠΑΙΔΙΟΥ ΚΑΙ ΤΗΣ ΟΙΚΟΓΕΝΕΙΑΣ ΤΟΥ
250 _a1
260 _bΕλληνικά Γράμματα,
_c1997
300 _a327
700 1 _aHerbert Martin
_97179
942 _cBK
999 _c7559
_d7559